000 00933nas a2200301 4500
001 BR2014004788
003 BR-BrBNA
005 20231205124330.0
007 ta
008 230509b bl.|||p| |||| 00| 00por d
040 _aBR-BrBNA
_bpor
_cBiblioteca Nacional de Agricultura
041 _a(Pt)
072 _aF62; Q04
100 1 _aCosta, A.G.
100 1 _aChagas, J.H.
100 1 _aBertolucci, S.K.V.
100 1 _aPinto, J.E.B.P.
245 1 _aNíveis de sombreamento e tipos de malha no crescimento e produção de óleo essencial de hortelã-pimenta
650 _aMENTA
650 _aÓLEO ESSENCIAL
650 _aCRESCIMENTO
650 _aSOMBREAMENTO
650 _aPRODUÇÃO VEGETAL
650 _aCOMPOSIÇÃO QUÍMICA
773 0 _tHorticultura Brasileira (Brazil)
_xISSN 0102-0536
_g(Apl-Jun 2014), v. 32(2) p. 194-199
_wBR2014004788
909 _a202311
_bLúcia
_c55
_dLúcia Elande
942 _2AGRIS
_n0
_cANA
999 _c238525
_d238525